| 000 | 00687nam a2200229 4500 | ||
|---|---|---|---|
| 003 | OSt | ||
| 005 | 20150617140145.0 | ||
| 008 | 150617b xxu||||| |||| 00| 0 eng d | ||
| 020 | _a0135990440 | ||
| 040 | _c040a | ||
| 082 |
_a515.25 _bRAI 1997 |
||
| 100 |
_aRainville, Earl D. _95437 |
||
| 245 |
_aElementary differential equations / _cEarl D. Rainville, Phillip E. Bedient, Richard E. Bedient |
||
| 250 | _a8th ed. | ||
| 260 |
_aNew Jersey _bPrentice-Hall international _c1997 |
||
| 300 |
_axiii, 530p ; _bill : _c8 cm |
||
| 504 | _aincludes index | ||
| 650 |
_aMathematics _9810 |
||
| 700 |
_aBedient, Phillip E. _95438 |
||
| 700 |
_aBedient, Richard E. _95439 |
||
| 942 |
_2ddc _cSLOAN |
||
| 999 |
_c2098 _d2098 |
||